000 00912nam a2200253Ia 4500
003 OSt
005 20221005113312.0
006 a|||||r|||| 00| 0
007 ta
008 221004b |||||||| |||| 00| 0 pan d
020 _a8130201259 (hbk)
_c150
024 _a2611
037 _b693, 16/01/2013, Bright Book Service
_cTextual
040 _aCRL
_cCRL
_bpan
041 _2pan
_apan
082 _aO153wN08, P9
100 _aਭੁਪਿੰਦਰ ਸਿੰਘ ਖਹਿਰਾ
245 0 _aਮਹਿੰਦਰ ਸਿੰਘ ਰੰਧਾਵਾ
260 _aਪਟਿਆਲਾ
_bਪੰਜਾਬੀ ਯੂਨੀਵਰਸਿਟੀ ਭਾਰਤ
_c2009
300 _a103ਪੰ
_ccm.
650 _aਪੰਜਾਬੀ ਸਾਹਿਤ
942 _hO153wN08, P9
_cTEXL
_2cc
999 _c1027728
_d1027728